000 01039nam a2200301 i 4500
005 20170726020002.0
008 140314s2001 it ||||| |||| 00| 0 eng d
040 _aCO-BoIAVH
_cCO-BoIAVH
041 0 _aspa
044 _ait
082 0 4 _a639.8
_bA65a
245 0 0 _aAquaculture in the third millennium /
_bRohana P. Subasinghe y (otros cinco editores).
260 _aRome :
_bFAO,
_c2001.
300 _a470 páginas ;
_c23 cm.
650 1 4 _aAcuicultura.
650 1 4 _aAcuicultura.
_xAspectos económicos.
650 1 4 _aAcuicultura.
_zAmérica del norte
650 1 4 _aAcuicultura.
_zAmérica latina
650 1 4 _aAcuicultura.
_zEuropa.
700 1 _aSubasinghe, Rohana P.,
_eeditora.
700 1 _aBueno, Pedro B.,
_eeditor.
700 1 _aPhillips, Michael J.,
_eeditor.
700 1 _aHough, Courtney,
_eeditor.
700 1 _aMcGladdery, Sharon E.,
_eeditor.
700 _aArthur, J. Richard,
_eeditor.
942 _cLIBRO
_2ddc
_01
945 _d2005-04-22
999 _c4403
_d4403